000 00296nam a2200109Ia 4500
008 230907s9999||||xx |||||||||||||| ||und||
082 _a629.4753,MAI
100 _aMaidana, O. Carlos.
_9115135
245 0 _aThermo-magnetic systems for space nuclear reactors/
300 _ax, 53 p.:
942 _cBK
999 _c597675
_d597675